Evaluación ex post al proyecto"Mejoramiento del sistema de Información del Hospital Empresa Social del Estado (E.S.E.) San Cristóbal" (Registro nro. 105164)

Detalles MARC
000 -CABECERA
campo de control de longitud fija 00768nam a2200217Ia 4500
001 - NÚMERO DE CONTROL
campo de control 105164
003 - IDENTIFICADOR DEL NÚMERO DE CONTROL
campo de control 190404
005 - FECHA Y HORA DE LA ÚLTIMA TRANSACCIÓN
campo de control 20250304150132.0
008 - DATOS DE LONGITUD FIJA--INFORMACIÓN GENERAL
campo de control de longitud fija ||||||n9999 ||| || ||
082 ## - NÚMERO DE LA CLASIFICACIÓN DECIMAL DEWEY
Número de edición 21
Número de clasificación 658
100 ## - ENTRADA PRINCIPAL--NOMBRE DE PERSONA
Nombre de persona Bermudez Leon, Martha Ines
9 (RLIN) 129474
245 #0 - MENCIÓN DE TÍTULO
Título Evaluación ex post al proyecto"Mejoramiento del sistema de Información del Hospital Empresa Social del Estado (E.S.E.) San Cristóbal"
501 ## - NOTA DE "CON"
Nota de “Con” CDRoom
562 ## - NOTA DE IDENTIFICACIÓN DE LA COPIA Y VERSIÓN
Número de copias 2
650 #0 - PUNTO DE ACCESO ADICIONAL DE MATERIA--TÉRMINO DE MATERIA
Término de materia o nombre geográfico como elemento de entrada ESPECIALIZACIÓN EN PROYECTOS DE DESARROLLO--TESIS Y DISERTACIONES ACADÉMICAS
9 (RLIN) 35350
650 #0 - PUNTO DE ACCESO ADICIONAL DE MATERIA--TÉRMINO DE MATERIA
Término de materia o nombre geográfico como elemento de entrada Evaluación ex-post
9 (RLIN) 129476
650 ## - PUNTO DE ACCESO ADICIONAL DE MATERIA--TÉRMINO DE MATERIA
Término de materia o nombre geográfico como elemento de entrada HOSPITAL SAN CRISTOBAL
9 (RLIN) 129477
650 ## - PUNTO DE ACCESO ADICIONAL DE MATERIA--TÉRMINO DE MATERIA
Término de materia o nombre geográfico como elemento de entrada SISTEMAS DE INFORMACIÓN
9 (RLIN) 129478
650 ## - PUNTO DE ACCESO ADICIONAL DE MATERIA--TÉRMINO DE MATERIA
Término de materia o nombre geográfico como elemento de entrada TESIS Y DISERTACIONES ACADÉMICAS
9 (RLIN) 129479
942 ## - ELEMENTOS DE PUNTO DE ACCESO ADICIONAL (KOHA)
Tipo de ítem Koha Tesis
Existencias
Estado de retiro Estado de pérdida Estado dañado No para préstamo Código de colección Localización permanente Ubicación/localización actual Coste, precio normal de compra Total de préstamos Signatura topográfica completa Código de barras Número de copia Tipo de ítem Koha
        Trabajos de Grado Bogotá - Sede Central Bogotá - Sede Central 0.00   BOG014 2006 105088 1 Tesis
        Trabajos de Grado Bogotá - Sede Central Bogotá - Sede Central 15000.00   BOG014 2006 106399 2 Tesis